| Tag |
First Indicator |
Second Indicator |
Subfields |
| LEADER |
00000nam a2200000 i 4500 |
| 001 |
in00004080421 |
| 005 |
20190805141356.0 |
| 006 |
m o d f |
| 007 |
cr ||||||||||| |
| 008 |
190530s2013 dcu o f000 0 eng c |
| 035 |
|
|
|a (OCoLC)on1102671474
|
| 042 |
|
|
|a pcc
|
| 043 |
|
|
|a n-us---
|
| 040 |
|
|
|a GPO
|b eng
|e rda
|e pn
|c GPO
|d MvI
|
| 049 |
|
|
|a WWW
|
| 074 |
|
|
|a 1070-N (online)
|
| 086 |
0 |
|
|a Y 3.P 38/2:2 P 38/8/2013
|
| 245 |
0 |
0 |
|a Finding a lost pension.
|
| 250 |
|
|
|a Revised April 2013.
|
| 264 |
|
1 |
|a Washington, DC :
|b Pension Benefit Guaranty Corp.,
|c 2013.
|
| 300 |
|
|
|a 1 online resource (36 pages).
|
| 336 |
|
|
|a text
|b txt
|2 rdacontent
|
| 337 |
|
|
|a computer
|b c
|2 rdamedia
|
| 338 |
|
|
|a online resource
|b cr
|2 rdacarrier
|
| 490 |
1 |
|
|a PBGC publication ;
|v 1012
|
| 500 |
|
|
|a Developed in cooperation with the pension action center at the Gerontology Institute, University of Massachusetts Boston.
|
| 588 |
|
|
|a Description based on online resource; title from PDF title page (PBGC, viewed May 30, 2019).
|
| 650 |
|
0 |
|a Pensions
|z United States.
|
| 650 |
|
0 |
|a Pension trusts
|z United States.
|
| 650 |
|
0 |
|a Retirement income
|z United States.
|
| 650 |
|
7 |
|a Pension trusts.
|2 fast
|0 (OCoLC)fst01057041
|
| 650 |
|
7 |
|a Pensions.
|2 fast
|0 (OCoLC)fst01057086
|
| 650 |
|
7 |
|a Retirement income.
|2 fast
|0 (OCoLC)fst01096344
|
| 651 |
|
7 |
|a United States.
|2 fast
|0 (OCoLC)fst01204155
|
| 710 |
2 |
|
|a Pension Benefit Guaranty Corporation,
|e issuing body.
|
| 710 |
2 |
|
|a Pension Action Center at the Gerontology Institute, University of Massachusetts Boston.
|
| 830 |
|
0 |
|a PBGC publication ;
|v 1012.
|
| 856 |
4 |
0 |
|u https://purl.fdlp.gov/GPO/gpo121154
|t 0
|
| 999 |
f |
f |
|s 51ea85e6-ed8c-35bc-9306-11e9732b116e
|i 82f0bc39-ea67-3c76-9e0b-cfff48f2aea8
|t 0
|
| 952 |
f |
f |
|a Texas A&M University
|b College Station
|c Electronic Resources
|d Available Online
|t 0
|e Y 3.P 38/2:2 P 38/8/2013
|h Superintendent of Documents classification
|
| 998 |
f |
f |
|a Y 3.P 38/2:2 P 38/8/2013
|t 0
|l Available Online
|